Firewood for the home /

Bibliographic Details
Main Author: Walterscheidt, Michael J. (Author)
Format: Government Document Book
Language:English
Published: College Station, Texas : Texas Agricultural Extension Service, [1979]
Series:L (Texas Agricultural Extension Service) ; 1743.
Subjects:
Online Access:Available online via OAK Trust Repository

MARC

Tag First Indicator Second Indicator Subfields
LEADER 00000cam a2200000Ii 4500
001 in00004058612
005 20190718162920.0
008 791204s1979 txua s000 0 eng d
035 |a (OCoLC)ocm05758844 
035 |a (OCoLC)5758844 
040 |a IKM  |b eng  |e rda  |c IKM  |d OCLCQ  |d OCLCF  |d OCLCQ  |d OCLCO  |d TXA  |d UtOrBLW 
049 |a TXAM 
086 |a Z TA245.7 L47 no. L-1743  |2 txdocs 
090 |a S544.3.T4  |b T273 no. L-1743 
100 1 |a Walterscheidt, Michael J.,  |e author.  |0 http://id.loc.gov/authorities/names/n88632882 
245 1 0 |a Firewood for the home /  |c Michael J. Walterscheidt. 
264 1 |a College Station, Texas :  |b Texas Agricultural Extension Service,  |c [1979] 
300 |a 4 unnumbered pages :  |b illustrations. 
336 |a text  |b txt  |2 rdacontent 
337 |a unmediated  |b n  |2 rdamedia 
338 |a volume  |b nc  |2 rdacarrier 
490 1 |a L / [Texas Agricultural Extension Service] ;  |v 1743 
500 |a "Fact sheet." 
500 |a Title from caption. 
500 |a The United States Department of Agriculture cooperating. 
650 0 |a Fuelwood.  |0 http://id.loc.gov/authorities/subjects/sh85052228 
650 7 |a Fuelwood.  |2 fast  |0 (OCoLC)fst00935897 
650 3 |a fuelwood. 
650 3 |a fires. 
650 3 |a homes and home furnishings. 
650 3 |a cordwood. 
710 1 |a United States.  |b Department of Agriculture,  |e issuing body.  |0 http://id.loc.gov/authorities/names/n79008243 
710 2 |a Texas Agricultural Extension Service,  |e issuing body.  |0 http://id.loc.gov/authorities/names/n80010192 
830 0 |a L (Texas Agricultural Extension Service) ;  |v 1743.  |0 http://id.loc.gov/authorities/names/no2017125359 
856 4 1 |z Available online via OAK Trust Repository  |u https://oaktrust.library.tamu.edu/handle/1969.1/172754  |t 0 
994 |a C0  |b TXA 
948 |a cataloged  |b h  |c 2019/4/2  |d c  |e zliu  |f 2:00:03 pm 
999 f f |s fabb3844-dd68-321d-8ab4-29460ab1a188  |i 152b6863-42bd-3953-bd84-42ad291afeb5  |t 0 
952 f f |a Texas A&M University  |b College Station  |c Electronic Resources  |d Available Online  |t 0  |e Z TA245.7 L47 no. L-1743  |g Electronic  |h Superintendent of Documents classification 
998 f f |a Z TA245.7 L47 no. L-1743  |t 0  |l Available Online